Hasiči to vedia aj s futbalovou loptou

Bibliographic Details
Format: Article
Language:Slovak
PhysicalDescription:Fotogr.
ISSN:1338-5402
Subjects:

MARC

LEADER 00000nab a2200000 ar4500
001 vtls010515587
003 SK-MaSNL
005 20260305014918.0
008 130531c2013 xo wr|p|||||||000 b|slo
038 |a PPPK 
040 |a PPPKCL  |b slo  |c PPPKCL  |e AACR2 
041 0 |a slo 
044 |a xo  |c SK 
080 |a 614.842.83  |2 2001 
080 |a 796.332  |2 2001 
245 0 0 |a Hasiči to vedia aj s futbalovou loptou  |c [text a foto] (mný) 
300 |b Fotogr. 
610 2 7 |a Dobrovoľný hasičský zbor (Spišské Bystré, Slovensko)  |2 pppkcl  |9 234359 
648 7 |a 3.3.2013  |2 snkbucl  |9 1098052 
650 0 7 |a dobrovoľné hasičské zbory  |2 pppkcl  |9 75563 
650 0 7 |a futsal  |2 pppkcl  |9 30002 
651 7 |a Spišské Bystré (Slovensko)  |2 pppkcl  |9 54593 
651 7 |a Poprad (Slovensko : okres)  |2 pppkcl  |9 28675 
773 0 |t Podtatranský kuriér : spoločensko-ekonomický týždenník  |g Roč. III, č. 10 (2013), s. 12  |x 1338-5402 
852 |a PPPK  |b KIS3GCP 
999 |c 3272002  |d 3273932